[Event "34th Chess Olympiad (men)"]
[Site "Istanbul"]
[Date "2000.11.02"]
[Round "6.47.4"]
[White "Mundle, Kurt"]
[Black "Moussa, Taleb"]
[WhiteElo "2000"]
[BlackElo "2389"]
[WhiteCountry "LIE"]
[BlackCountry "UAE"]
[Result "0-1"]

1. d4 Nf6 2. Nf3 b6 3. g3 Bb7 4. Bg2 e6 5. c4 Bb4+ 6. Bd2 Be7 7. O-O O-O 
8. Nc3 d5 9. cxd5 exd5 10. Qc2 Na6 11. Rfd1 Re8 12. Rac1 c5 13. dxc5 bxc5 
14. Ne1 Qd7 15. Bg5 d4 16. Na4 Bxg2 17. Nxg2 Qg4 18. Bxf6 Bxf6 19. e3 dxe3 
20. Nxe3 Qf3 21. Qc4 Bd4 22. Rd3 Nb4 23. Rb3 Rxe3 24. Rxe3 Bxe3 25. Rf1 Nd3 
26. Qc2 Bd4 27. Nc3 Re8 28. Nd1 h5 29. Qb3 h4 30. Qb5 Re6 31. Qb8+ Kh7 
32. Qd8 Rh6 
0-1

[Event "34th Chess Olympiad (men)"]
[Site "Istanbul"]
[Date "2000.11.02"]
[Round "6.48.1"]
[White "Bouaziz, Slim"]
[Black "Leyva, Hector"]
[WhiteElo "2383"]
[BlackElo "2409"]
[WhiteCountry "TUN"]
[BlackCountry "ESA"]
[Result "0-1"]

1. d4 d5 2. Nf3 c6 3. c4 e6 4. e3 Nd7 5. Nc3 Ngf6 6. Bd3 Bd6 7. cxd5 exd5 
8. Qc2 O-O 9. O-O Re8 10. Re1 Nf8 11. h3 h6 12. Bd2 Be6 13. Ne5 c5 14. Qb1 a6 
15. a4 Rc8 16. a5 Bc7 17. b4 c4 18. Bf1 g6 19. Qd1 h5 20. f4 Bf5 21. g4 hxg4 
22. hxg4 Be6 23. g5 Bxe5 24. dxe5 Bg4 25. Qc1 Ne4 26. Bg2 Bf5 27. Rd1 Ne6 
28. Be1 Nxc3 29. Qxc3 Bd3 30. Rxd3 cxd3 31. Qxd3 Rc7 32. Bxd5 Rd7 33. Rd1 Qe7 
34. Qe4 Red8 35. Rd3 Kg7 36. Bc3 Rc7 37. Qg2 Rxc3 38. Rxc3 Qxb4 39. Rc1 Qa3 
40. Re1 Qxa5 41. Rd1 Qc5 42. Qe4 Nxf4 43. Qxf4 Rxd5 44. Rf1 Qe7 
0-1

[Event "34th Chess Olympiad (men)"]
[Site "Istanbul"]
[Date "2000.11.02"]
[Round "6.48.3"]
[White "Jday, Wassim"]
[Black "Segura, Javier"]
[WhiteElo "2000"]
[BlackElo "2000"]
[WhiteCountry "TUN"]
[BlackCountry "ESA"]
[Result "0-1"]

1. e4 e5 2. Nf3 Nc6 3. Bc4 Bc5 4. b4 Bxb4 5. c3 Bc5 6. d4 exd4 7. O-O d3 
8. Ng5 Ne5 9. Nxf7 Qe7 10. Nxh8 Nxc4 11. Qh5+ g6 12. Qd5 Nf6 13. Qxc4 d6 
14. Bg5 Be6 15. Qxd3 O-O-O 16. Nxg6 hxg6 17. Nd2 Rh8 18. a4 Qh7 19. h4 Ng4 
20. a5 Qf7 21. Qe2 Ne5 22. Rab1 Bg4 23. Qb5 c6 24. Qb3 Be6 25. Qc2 Rf8 
26. Be3 Qe7 27. Bxc5 dxc5 28. Qb2 Nd3 29. Qc2 Ne5 30. g3 g5 31. hxg5 Qxg5 
32. Qb2 Rf7 33. Kg2 Nd3 34. Qc2 Nf4+ 35. Kg1 Rh7 36. Nf3 Qh5 37. Nh4 Qg4 
38. Qb2 Ne2+ 39. Kg2 Nf4+ 40. Kg1 Nd3 41. Qd2 Rxh4 42. Qxd3 Qh3 43. gxh4 Qxd3 
44. Rfe1 Qxc3 45. Re3 Qf6 46. a6 b6 47. h5 Kc7 48. Kg2 b5 49. Rh1 Qh6 
50. Rg3 Bf7 51. e5 Kb6 52. e6 Bxe6 53. Rg6 Bd5+ 54. Kg3 Qh8 55. Rh4 b4 
56. Kf4 b3 57. h6 b2 58. Rg1 Ba2 59. Rhh1 c4 60. Ke4 Kxa6 61. f4 c3 
0-1

[Event "34th Chess Olympiad (men)"]
[Site "Istanbul"]
[Date "2000.11.02"]
[Round "6.48.4"]
[White "Ricando, Chavez"]
[Black "Bouhlel, Mohamed"]
[WhiteElo "2111"]
[BlackElo "2000"]
[WhiteCountry "ESA"]
[BlackCountry "TUN"]
[Result "0-1"]

1. g3 g6 2. Bg2 Bg7 3. d3 d5 4. Nf3 Nf6 5. O-O O-O 6. a3 Re8 7. Nbd2 Nc6 
8. e4 dxe4 9. dxe4 e5 10. c3 h6 11. Qc2 Be6 12. b4 a6 13. Bb2 Nh7 14. Rfe1 Qe7 
15. Nf1 Red8 16. a4 Ng5 17. Nxg5 Qxg5 18. Ne3 Ne7 19. Rad1 c6 20. a5 Kh7 
21. Re2 Ng8 22. Red2 Qe7 23. Bf1 Rxd2 24. Qxd2 Bb3 25. Ra1 Rd8 26. Qe2 Rd7 
27. Ra3 Be6 28. Ra1 Qd8 29. Rd1 Nf6 30. f3 Ne8 31. Rxd7 Qxd7 32. Nc4 Bxc4 
33. Qxc4 Nc7 34. Qe2 Qd6 35. Qe1 Bf8 36. Bc1 c5 37. Bd2 cxb4 38. cxb4 Ne6 
39. b5 axb5 
0-1

[Event "34th Chess Olympiad (men)"]
[Site "Istanbul"]
[Date "2000.11.02"]
[Round "6.49.1"]
[White "Yung, Lau"]
[Black "Cueto, Johnny"]
[WhiteElo "2130"]
[BlackElo "2389"]
[WhiteCountry "HKG"]
[BlackCountry "BOL"]
[Result "0-1"]

1. d4 Nf6 2. c4 e6 3. Nf3 b6 4. g3 Ba6 5. Qc2 c6 6. Bg2 Bb4+ 7. Bd2 Be7 
8. O-O O-O 9. Re1 d5 10. Ne5 Nfd7 11. cxd5 Nxe5 12. dxe5 cxd5 13. Nc3 Nd7 
14. f4 Rc8 15. Qd1 b5 16. a3 Nb6 17. Rc1 Nc4 18. Rc2 Bb7 19. e3 Qb6 20. Qc1 a5 
21. Bf1 Rc7 22. Bxc4 dxc4 23. Qd1 Bc5 24. Kf1 Rd8 25. Qg4 b4 26. axb4 axb4 
27. Nb1 Be4 28. Rec1 Bxe3 29. Re1 Bg1 
0-1

[Event "34th Chess Olympiad (men)"]
[Site "Istanbul"]
[Date "2000.11.02"]
[Round "6.49.2"]
[White "Saavedra, Carlos"]
[Black "Schepel, Kaarlo"]
[WhiteElo "2206"]
[BlackElo "2175"]
[WhiteCountry "BOL"]
[BlackCountry "HKG"]
[Result "1-0"]

1. e4 e5 2. Nf3 Nc6 3. Bb5 a6 4. Ba4 Nf6 5. d4 Nxd4 6. Nxe5 c5 7. c3 Ne6 
8. Qe2 b5 9. Bc2 d6 10. Nf3 Bb7 11. O-O Qc7 12. Nh4 d5 13. e5 g5 14. exf6 gxh4 
15. f4 Rg8 16. f5 d4 17. Be4 Qe5 18. Rf4 Rxg2+ 19. Qxg2 Nxf4 20. Bc6+ Kd8 
21. Bxf4 Qe1+ 22. Qf1 Qxf1+ 23. Kxf1 Bxc6 24. Nd2 d3 25. Re1 Kd7 26. Re3 c4 
27. Rh3 Re8 28. Be3 Bd6 29. Kf2 Re5 30. Rxh4 Rxf5+ 31. Ke1 h5 32. b3 Be5 
33. Bd4 Bf4 34. bxc4 Bg5 35. Rh3 Bg2 36. Rxd3 bxc4 37. Nxc4 Bh4+ 38. Bf2+ Rd5 
39. Nb6+ Kc6 40. Nxd5 Bxf2+ 41. Kxf2 Bxd5 42. a3 
1-0

[Event "34th Chess Olympiad (men)"]
[Site "Istanbul"]
[Date "2000.11.02"]
[Round "6.49.3"]
[White "Kiernan, Mark"]
[Black "Zambrana, Oswaldo"]
[WhiteElo "2125"]
[BlackElo "2253"]
[WhiteCountry "HKG"]
[BlackCountry "BOL"]
[Result "0-1"]

1. e4 c5 2. g3 Nc6 3. Bg2 d6 4. Ne2 e5 5. O-O g6 6. Nbc3 Bg7 7. d3 Nge7 
8. Kh1 O-O 9. Be3 Nd4 10. f4 Be6 11. h3 Qd7 12. Kh2 f5 13. Rb1 d5 14. fxe5 fxe4 
15. dxe4 Rxf1 16. Qxf1 Rf8 17. Qd1 Nxe2 18. Nxe2 d4 19. Bf4 h6 20. h4 Nc6 
21. Qd2 Kh7 22. Nc1 Nxe5 23. Bxe5 Bxe5 24. Nd3 Bb8 25. Nxc5 Qd6 26. Qd3 Qxc5 
27. Re1 Qe5 28. Rd1 Bc4 29. Qa3 Bd6 
0-1

[Event "34th Chess Olympiad (men)"]
[Site "Istanbul"]
[Date "2000.11.02"]
[Round "6.49.4"]
[White "Ferrufino, Boris"]
[Black "Chau, Sau Ming"]
[WhiteElo "2146"]
[BlackElo "2000"]
[WhiteCountry "BOL"]
[BlackCountry "HKG"]
[Result "1-0"]

1. Nf3 Nf6 2. g3 e6 3. Bg2 c5 4. c4 d5 5. cxd5 exd5 6. d4 Nc6 7. Nc3 Be6 
8. O-O Rc8 9. e3 Be7 10. a3 c4 11. Ne5 O-O 12. Qe2 Na5 13. Bd2 Nb3 14. Rad1 a6 
15. f4 g6 16. g4 Rc7 17. f5 gxf5 18. gxf5 Bc8 19. Bxd5 Nxd5 20. Qg2+ Kh8 
21. Nxd5 Bd6 22. Qe4 Bxe5 23. dxe5 Rd7 24. Bc3 Qg5+ 25. Kh1 f6 26. e6 Nc5 
27. Qf4 Nxe6 28. Qxg5 Nxg5 29. Bxf6+ Rxf6 30. Nxf6 Rxd1 31. Rxd1 Bxf5 32. Rd5 
1-0

[Event "34th Chess Olympiad (men)"]
[Site "Istanbul"]
[Date "2000.11.02"]
[Round "6.50.1"]
[White "Dive, Russell John"]
[Black "Moussa, Alaa-Eddine"]
[WhiteElo "2414"]
[BlackElo "2255"]
[WhiteCountry "NZL"]
[BlackCountry "PLE"]
[Result "1-0"]

1. d4 Nf6 2. c4 e6 3. Nc3 Bb4 4. e3 c5 5. Bd3 O-O 6. Ne2 Nc6 7. O-O cxd4 
8. exd4 d5 9. cxd5 Nxd5 10. a3 Ba5 11. Bc2 Nce7 12. Qd3 g6 13. Bh6 Re8 
14. Bg5 a6 15. Rfd1 Bxc3 16. bxc3 b5 17. a4 Bd7 18. Bb3 Qc7 19. Rdc1 Qb7 
20. Ng3 f5 21. Nf1 Kg7 22. Qd2 Ng8 23. Ne3 h6 24. Nxd5 hxg5 25. Nb4 g4 
26. Nd3 Nf6 27. Nc5 Ne4 28. Nxe4 Qxe4 29. d5 e5 30. c4 bxa4 31. Bxa4 Bxa4 
32. Rxa4 Reb8 33. Raa1 Rb3 34. Qg5 Rab8 35. Rxa6 f4 36. Qe7+ Kh6 37. Qh4+ Kg7 
38. Re6 Rf8 39. Qxg4 Rb1 40. Rxg6+ Qxg6 41. Qxg6+ Kxg6 42. Rxb1 e4 43. d6 Kf5 
44. d7 Ke6 45. Rd1 
1-0

[Event "34th Chess Olympiad (men)"]
[Site "Istanbul"]
[Date "2000.11.02"]
[Round "6.50.2"]
[White "Kayle, Charles"]
[Black "Ker, Anthony F"]
[WhiteElo "2097"]
[BlackElo "2348"]
[WhiteCountry "PLE"]
[BlackCountry "NZL"]
[Result "0-1"]

1. d4 Nf6 2. c4 c5 3. d5 b5 4. cxb5 a6 5. Nc3 axb5 6. e4 b4 7. Nb5 d6 8. Bc4 g6 
9. e5 dxe5 10. d6 Na6 11. Bg5 Bg7 12. Nf3 O-O 13. Nxe5 exd6 14. Qxd6 Qxd6 
15. Nxd6 Be6 16. O-O Ne8 17. Nxe8 Bxe5 18. Bxe6 fxe6 19. Rae1 Rf5 20. Rxe5 Rxe5 
21. f4 Re2 22. Nf6+ Kf7 23. Rd1 Nb8 24. Nxh7 Rxa2 25. h4 Rexb2 26. Rd8 Rxg2+ 
27. Kh1 Rgd2 28. Rf8+ Kg7 29. Bf6+ Kh6 30. Bg5+ Kxh7 
0-1

[Event "34th Chess Olympiad (men)"]
[Site "Istanbul"]
[Date "2000.11.02"]
[Round "6.50.3"]
[White "Green, Peter"]
[Black "Asaad, Salah"]
[WhiteElo "2239"]
[BlackElo "2000"]
[WhiteCountry "NZL"]
[BlackCountry "PLE"]
[Result "1-0"]

1. d4 f5 2. c4 Nf6 3. g3 g6 4. Bg2 Bg7 5. Nf3 O-O 6. O-O d6 7. d5 c6 8. Nc3 e5 
9. dxe6ep Bxe6 10. b3 Na6 11. Bb2 h6 12. Qc2 Nc5 13. Rad1 Qe7 14. Nd4 Bf7 
15. e3 Ng4 16. h3 Ne5 17. e4 Ne6 18. Nce2 fxe4 19. Bxe4 Ng5 20. Bg2 c5 
21. Nb5 Ngf3+ 22. Kh1 Rad8 23. Ng1 a6 24. Nxf3 Nxf3 25. Bxg7 Kxg7 26. Qb2+ Kh7 
27. Bxf3 axb5 28. cxb5 Be8 29. Qe2 Qg7 30. Bg2 Bf7 31. Qe7 d5 32. Qxc5 Be6 
33. Kh2 Qd7 34. Rd2 Rf5 35. Rc1 Qf7 36. Qd4 Rd7 37. b6 Re7 38. Rc5 Rh5 
39. Rdc2 Bf5 40. Rc1 Bd7 41. Rxd5 
1-0

[Event "34th Chess Olympiad (men)"]
[Site "Istanbul"]
[Date "2000.11.02"]
[Round "6.50.4"]
[White "Lekke, Khaled"]
[Black "Wastney, Scott"]
[WhiteElo "2000"]
[BlackElo "2219"]
[WhiteCountry "PLE"]
[BlackCountry "NZL"]
[Result "0-1"]

1. d4 Nf6 2. c4 g6 3. Nc3 d5 4. cxd5 Nxd5 5. e4 Nxc3 6. bxc3 Bg7 7. Bc4 c5 
8. Ne2 Nc6 9. Be3 O-O 10. O-O Bg4 11. f3 Na5 12. Bxf7+ Rxf7 13. fxg4 Rxf1+ 
14. Kxf1 cxd4 15. cxd4 e5 16. d5 Nc4 17. Bf2 Qf6 18. Kg1 Rf8 19. Bg3 Ne3 
20. Qb1 Bh6 21. Kh1 Nxg2 22. Kxg2 Qf3+ 23. Kh3 Qxe2 24. Qe1 Qf3 25. Qh1 Qf6 
26. Qd1 Be3 27. Qb3 Bd4 28. Rc1 Qg7 29. Rc2 Qf7 30. Qc4 g5 31. Qc7 Qf1+ 
32. Rg2 h5 33. Qd7 h4 34. Qe6+ Qf7 35. Qxf7+ Rxf7 36. Bxh4 Rh7 37. Rc2 Rxh4+ 
38. Kg3 Rh7 39. Rc8+ Kf7 40. Rc7+ Kg6 41. d6 Bb6 42. Rxh7 Kxh7 43. h4 gxh4+ 
44. Kxh4 Kg6 45. d7 Bd8+ 46. Kg3 Kg5 47. Kf3 Kh4 48. Ke3 Kxg4 
0-1

[Event "34th Chess Olympiad (men)"]
[Site "Istanbul"]
[Date "2000.11.02"]
[Round "6.51.1"]
[White "Borg, Geoffrey"]
[Black "Valiente, Cristobal"]
[WhiteElo "2344"]
[BlackElo "2389"]
[WhiteCountry "MLT"]
[BlackCountry "PAR"]
[Result "1/2-1/2"]

1. d4 Nf6 2. c4 d6 3. Nc3 Nbd7 4. Nf3 e5 5. Bg5 h6 6. Bh4 Be7 7. e3 O-O 
8. Qc2 c6 9. Bd3 a6 10. O-O b5 11. dxe5 dxe5 12. cxb5 cxb5 13. Rfd1 Qa5 
14. Bf5 g5 15. Bg3 Qc7 16. Rac1 Re8 17. Qb1 Qb8 18. Nd5 Nxd5 19. Rxd5 Qb7 
20. Rxd7 Bxd7 21. Be4 Qa7 22. Bxa8 Qxa8 23. Nxe5 Be6 24. b3 Bf6 25. Nf3 Qd5 
26. Rd1 Bf5 27. Rxd5 Bxb1 28. a4 b4 29. Rd6 Re6 
1/2-1/2

[Event "34th Chess Olympiad (men)"]
[Site "Istanbul"]
[Date "2000.11.02"]
[Round "6.51.2"]
[White "Peralta, Eduardo"]
[Black "Camilleri, Henry"]
[WhiteElo "2330"]
[BlackElo "2156"]
[WhiteCountry "PAR"]
[BlackCountry "MLT"]
[Result "1/2-1/2"]

1. d4 e6 2. Nf3 Nf6 3. c4 b6 4. e3 Bb7 5. Bd3 Be7 6. O-O O-O 7. b3 d5 8. Bb2 c5 
9. Nc3 Nc6 10. Rc1 Rc8 11. a3 Qd7 12. Re1 Rfd8 13. cxd5 exd5 14. Ne2 Ne4 
15. Ng3 Nxg3 16. hxg3 Bf6 17. Qc2 g6 18. dxc5 Qe7 19. Bxf6 Qxf6 20. b4 bxc5 
21. bxc5 Rc7 22. Qc3 d4 23. exd4 Nxd4 24. Nxd4 Rxd4 25. Bf1 Kg7 26. Qa5 Rcd7 
27. Qc3 Bc6 28. Be2 Rc7 29. Qa5 Re7 30. Bf1 Ra4 31. Qd2 Rxe1 
1/2-1/2

[Event "34th Chess Olympiad (men)"]
[Site "Istanbul"]
[Date "2000.11.02"]
[Round "6.51.3"]
[White "Borg, Andrew"]
[Black "Patriarca, Luis"]
[WhiteElo "2132"]
[BlackElo "2307"]
[WhiteCountry "MLT"]
[BlackCountry "PAR"]
[Result "1/2-1/2"]

1. d4 Nf6 2. c4 e6 3. Nf3 d5 4. cxd5 exd5 5. Nc3 Bb4 6. Bg5 Nbd7 7. e3 c5 
8. Bd3 Qa5 9. Qc2 O-O 10. O-O c4 11. Bf5 Bxc3 12. bxc3 Re8 13. Nd2 g6 
14. Bh3 Ne4 15. Nxe4 dxe4 16. Bxd7 Bxd7 17. Bf4 
1/2-1/2

[Event "34th Chess Olympiad (men)"]
[Site "Istanbul"]
[Date "2000.11.02"]
[Round "6.51.4"]
[White "Ferreira, Oscar"]
[Black "Cilia, Vincenti V"]
[WhiteElo "2266"]
[BlackElo "2215"]
[WhiteCountry "PAR"]
[BlackCountry "MLT"]
[Result "1-0"]

1. Nf3 Nf6 2. c4 c6 3. d4 d5 4. cxd5 cxd5 5. Nc3 Nc6 6. Bf4 Bf5 7. Qb3 Na5 
8. Qa4+ Bd7 9. Qc2 g6 10. e3 Bg7 11. Bd3 O-O 12. h3 Rc8 13. O-O a6 14. Rac1 b5 
15. Qe2 Bf5 16. Bxf5 gxf5 17. Ne5 Nc4 18. Nd3 e6 19. b3 Nd6 20. Qb2 Qb6 
21. Be5 Nd7 22. Bxg7 Kxg7 23. Ne2 Ne4 24. Nc5 Qa7 25. Rc2 Kg8 26. Rfc1 Nef6 
27. Nf4 Nb6 28. Nfd3 a5 29. Ne5 Rfd8 30. f3 Ne8 31. g4 Nd6 32. Rg2 Kh8 
33. Qf2 Qe7 34. Kh1 Rg8 35. Rcg1 f6 36. Qh4 f4 37. exf4 Rc7 38. Ned3 Qf7 
39. Re2 Re7 40. Rge1 Rge8 41. Re3 b4 42. Qg3 Nb5 43. f5 Nxd4 44. fxe6 Qg8 
45. Qd6 Nc8 46. Qf4 Nc2 47. Qxf6+ Qg7 48. Qxg7+ Kxg7 49. f4 d4 50. Re5 Nxe1 
51. Nxe1 Nb6 52. f5 Kf6 53. Nf3 h6 54. Ne4+ 
1-0

[Event "34th Chess Olympiad (men)"]
[Site "Istanbul"]
[Date "2000.11.02"]
[Round "6.52.1"]
[White "Kesmaecker, Philippe"]
[Black "Guillen, Ramirez Jose Antonio"]
[WhiteElo "2293"]
[BlackElo "2281"]
[WhiteCountry "MNC"]
[BlackCountry "HON"]
[Result "0-1"]

1. b4 e5 2. Bb2 f6 3. b5 d5 4. e3 Be6 5. Nf3 Bd6 6. d4 e4 7. Nfd2 Ne7 8. c4 c6 
9. Nc3 O-O 10. Qb3 f5 11. g3 Nd7 12. a4 Nf6 13. Ba3 Rc8 14. Bxd6 Qxd6 
15. c5 Qd7 16. b6 axb6 17. Qxb6 Rb8 18. a5 g5 19. f4 Ng4 20. Nd1 gxf4 
21. gxf4 Ng6 22. h3 Nxe3 23. Nxe3 Nxf4 24. O-O-O Ng6 25. Rg1 f4 26. Ng4 Bf5 
27. Nh6+ Kg7 28. Nxf5+ Rxf5 29. Qb3 Qc7 30. Qc3 f3 31. Bc4 Ra8 32. Bb3 f2 
33. Rg3 Rxa5 34. Nf1 Ra8 35. Rd2 Raf8 36. Re2 Rf3 37. Re3 Qxg3 38. Nxg3 Rxg3 
39. Rxg3 f1Q+ 40. Kb2 Qe2+ 41. Bc2 Rf3 42. Rxf3 exf3 43. Qd3 Qxd3 44. Bxd3 Nf4 
45. Bf1 Ne2 
0-1

[Event "34th Chess Olympiad (men)"]
[Site "Istanbul"]
[Date "2000.11.02"]
[Round "6.52.2"]
[White "Medina Colindres, Javier"]
[Black "Gentilleau, Jean-Philippe"]
[WhiteElo "2000"]
[BlackElo "2177"]
[WhiteCountry "HON"]
[BlackCountry "MNC"]
[Result "1/2-1/2"]

1. e4 e6 2. d3 d5 3. Nd2 c5 4. g3 Nc6 5. Bg2 Nf6 6. Ngf3 Be7 7. O-O b5 
8. Ne1 Bb7 9. f4 O-O 10. c3 a5 11. Nc2 b4 12. e5 Nd7 13. Nf3 Qb6 14. Be3 a4 
15. cxb4 Nxb4 16. Nxb4 Qxb4 17. Qc2 Ba6 18. Rfc1 Rfc8 19. Bf1 Bb7 20. Bf2 f6 
21. exf6 Bxf6 22. Bh3 Ra6 23. Re1 Rcc6 24. Rab1 Rab6 25. Re2 a3 26. b3 Bd4 
27. Rbe1 Nf8 28. Bxd4 cxd4 29. Qb1 Bc8 30. Ne5 Rc3 31. Rf1 Qc5 32. Ref2 Rb7 
33. Qd1 Rc7 34. f5 exf5 35. Bxf5 Bxf5 36. Rxf5 Ng6 37. Qh5 Qe7 38. Nxg6 hxg6 
39. Qxg6 Rc1 40. Qf7+ Qxf7 41. Rxf7 Rxf1+ 42. Rxf1 Rc2 43. Rf2 Rc1+ 
1/2-1/2

[Event "34th Chess Olympiad (men)"]
[Site "Istanbul"]
[Date "2000.11.02"]
[Round "6.52.3"]
[White "Lebel, Patrick"]
[Black "Marder Riveda, Martin"]
[WhiteElo "2172"]
[BlackElo "2205"]
[WhiteCountry "MNC"]
[BlackCountry "HON"]
[Result "1-0"]

1. d4 Nf6 2. Nf3 g6 3. Bf4 d6 4. e3 Bg7 5. Be2 O-O 6. O-O b6 7. h3 Bb7 
8. Bh2 Nbd7 9. c4 Qe8 10. Nc3 e5 11. Nb5 Qe7 12. Nxc7 Rac8 13. Nb5 a6 
14. dxe5 axb5 15. exf6 Bxf6 16. Bxd6 
1-0

[Event "34th Chess Olympiad (men)"]
[Site "Istanbul"]
[Date "2000.11.02"]
[Round "6.52.4"]
[White "Hernandez Lagos, Hector"]
[Black "Bussachini, Michel"]
[WhiteElo "2000"]
[BlackElo "2068"]
[WhiteCountry "HON"]
[BlackCountry "MNC"]
[Result "1/2-1/2"]

1. c4 Nf6 2. Nc3 c6 3. Nf3 d5 4. cxd5 cxd5 5. d4 Nc6 6. e3 a6 7. a3 e6 
8. Bd3 Be7 9. O-O O-O 10. Re1 b5 11. b4 Qb6 12. e4 dxe4 13. Nxe4 Nxe4 
14. Bxe4 Bb7 15. Be3 Na7 16. Qd3 Bxe4 17. Qxe4 Qc6 18. Qxc6 Nxc6 19. Rac1 Rac8 
20. Rc2 Bf6 21. Rec1 Ne7 22. Nd2 Rxc2 23. Rxc2 Rc8 
1/2-1/2

[Event "34th Chess Olympiad (men)"]
[Site "Istanbul"]
[Date "2000.11.02"]
[Round "6.53.1"]
[White "Neumann, Han H W M"]
[Black "Andolo, Humphrey"]
[WhiteElo "2228"]
[BlackElo "2146"]
[WhiteCountry "AHO"]
[BlackCountry "KEN"]
[Result "1/2-1/2"]

1. e4 c5 2. f4 e6 3. Nf3 d5 4. exd5 exd5 5. Bb5+ Bd7 6. Bxd7+ Nxd7 7. O-O Be7 
8. Nc3 Ngf6 9. d3 O-O 10. a4 b6 11. Ne5 Bd6 12. Nxd7 Qxd7 13. Qf3 Qf5 14. h3 h5 
15. Bd2 Rad8 16. Rae1 c4 17. Kh1 cxd3 18. cxd3 Rfe8 19. Ne2 h4 20. Nd4 Qh5 
21. Rxe8+ Rxe8 22. Re1 Rxe1+ 23. Bxe1 Qxf3 24. gxf3 Bxf4 25. Bxh4 g5 26. Bf2 a6 
27. Nc6 Bc7 28. Bd4 Nd7 29. Ne7+ Kh7 30. Nxd5 Bd8 31. Kg2 Kg6 32. f4 gxf4 
33. Nxf4+ Kf5 34. Kf3 Ne5+ 35. Bxe5 Kxe5 36. Ne2 b5 37. axb5 axb5 38. b4 Be7 
39. Nc3 Kd4 40. Nxb5+ Kxd3 41. Kf4 Bxb4 42. h4 Kc4 43. Na7 Kd5 44. Kf5 Bc3 
45. Nc8 Kc6 46. Ne7+ Kd7 47. Nd5 Bb2 48. h5 Ke8 49. h6 Kf8 50. Nf6 Bxf6 
51. Kxf6 Kg8 52. h7+ Kxh7 53. Kxf7 
1/2-1/2

[Event "34th Chess Olympiad (men)"]
[Site "Istanbul"]
[Date "2000.11.02"]
[Round "6.53.2"]
[White "Kanyingi, Joseph"]
[Black "Mensing, Fabio"]
[WhiteElo "2200"]
[BlackElo "2000"]
[WhiteCountry "KEN"]
[BlackCountry "AHO"]
[Result "1/2-1/2"]

1. d4 Nf6 2. c4 g6 3. Nc3 d5 4. Nf3 Bg7 5. Qb3 c6 6. Bf4 dxc4 7. Qxc4 Be6 
8. Qd3 Na6 9. a3 Qa5 10. Qd2 Rd8 11. e3 Bb3 12. Rc1 O-O 13. Be2 Nd7 14. Ne4 Qb6 
15. Qc3 
1/2-1/2

[Event "34th Chess Olympiad (men)"]
[Site "Istanbul"]
[Date "2000.11.02"]
[Round "6.53.3"]
[White "Wolf, Rudsel"]
[Black "Magana, Ben"]
[WhiteElo "2000"]
[BlackElo "2000"]
[WhiteCountry "AHO"]
[BlackCountry "KEN"]
[Result "0-1"]

1. e4 e5 2. Nf3 Nc6 3. Bc4 Nf6 4. Ng5 d5 5. exd5 Na5 6. Bb5+ c6 7. dxc6 bxc6 
8. Bd3 Bc5 9. O-O O-O 10. Ne4 Nxe4 11. Bxe4 f5 12. Bf3 e4 13. Be2 f4 14. c3 f3 
15. b4 Qg5 16. g3 Qf5 17. Kh1 fxe2 18. Qxe2 Ba6 19. Qxa6 Qf3+ 20. Kg1 Bxf2+ 
21. Rxf2 Qxf2+ 22. Kh1 Qe1+ 23. Kg2 Qxc1 
0-1

[Event "34th Chess Olympiad (men)"]
[Site "Istanbul"]
[Date "2000.11.02"]
[Round "6.53.4"]
[White "Mukabi, John"]
[Black "Maduro, Sherman"]
[WhiteElo "2100"]
[BlackElo "2230"]
[WhiteCountry "KEN"]
[BlackCountry "AHO"]
[Result "1-0"]

1. e4 e5 2. Nf3 Nf6 3. Nxe5 d6 4. Nf3 Nxe4 5. d4 Be7 6. c4 O-O 7. Bd3 d5 
8. O-O Bg4 9. Nc3 Nxc3 10. bxc3 dxc4 11. Bxc4 Qd6 12. Qd3 Nc6 13. a4 Bxf3 
14. Qxf3 Qf6 15. Qg3 Bd6 16. Qh3 Ne7 17. g4 Bf4 18. Qg2 b6 19. Bxf4 Qxf4 
20. Rae1 Ng6 21. Re4 Qd2 22. Qg3 Rae8 23. Rxe8 Rxe8 24. Qxc7 Qf4 25. Qxf4 Nxf4 
26. Bb5 Re7 27. Rc1 Kf8 28. Kf1 Rc7 29. c4 Ke7 30. Rc2 Kd6 31. f3 g5 32. Kf2 a6 
33. c5+ bxc5 34. dxc5+ Rxc5 35. Rxc5 Kxc5 36. Bxa6 h6 37. Ke3 Kb6 38. Bc4 f6 
39. Ke4 Ng6 40. Kf5 Nh4+ 41. Kxf6 Nxf3 42. h3 Nd2 43. Bd5 Kc5 44. Bg2 Kd4 
45. Kg6 Ke5 46. Kxh6 Kf4 47. a5 Nc4 48. a6 Nb6 49. a7 Kg3 50. a8Q Nxa8 
51. Bxa8 Kxh3 52. Kxg5 
1-0

[Event "34th Chess Olympiad (men)"]
[Site "Istanbul"]
[Date "2000.11.02"]
[Round "6.54.1"]
[White "Salleh, Zulklifli"]
[Black "Faraj, Yahya"]
[WhiteElo "2000"]
[BlackElo "2265"]
[WhiteCountry "BRU"]
[BlackCountry "YEM"]
[Result "0-1"]

1. c4 g6 2. Nc3 Nf6 3. g3 Bg7 4. Bg2 c5 5. e3 O-O 6. Nge2 Nc6 7. O-O d6 
8. d4 cxd4 9. Nxd4 Bd7 10. h3 Rb8 11. Rb1 Nxd4 12. Qxd4 Qc8 13. Qxa7 Bxh3 
14. Qd4 Bf5 15. Ra1 Ne4 16. Qb6 Nxc3 17. bxc3 Bxc3 18. Bb2 Bxb2 19. Qxb2 Qxc4 
20. Rfc1 Qe6 21. e4 Bg4 22. Rc7 b5 23. Rac1 b4 24. Ra7 Rfc8 25. Rcc7 Rxc7 
26. Rxc7 Ra8 27. Rc2 Qe5 28. f4 Qxb2 29. Rxb2 Ra4 30. Bf1 Be6 31. Bb5 Rxa2 
32. Rxb4 Ra3 33. Kf2 Rb3 34. Rxb3 Bxb3 35. Ke3 e5 36. Bc6 Kg7 37. Bd7 Kf6 
38. f5 gxf5 39. Bxf5 h6 40. g4 Be6 41. Kf3 Bxf5 42. gxf5 Kg5 
0-1

[Event "34th Chess Olympiad (men)"]
[Site "Istanbul"]
[Date "2000.11.02"]
[Round "6.54.2"]
[White "Al, Hadarani Hatim"]
[Black "Tun, Yap"]
[WhiteElo "2374"]
[BlackElo "2000"]
[WhiteCountry "YEM"]
[BlackCountry "BRU"]
[Result "1-0"]

1. c4 c6 2. g3 g6 3. Bg2 Bg7 4. Nc3 Nf6 5. e4 d6 6. d4 O-O 7. Nge2 e5 
8. h3 Nbd7 9. Be3 Re8 10. d5 c5 11. g4 Kh8 12. Ng3 Ng8 13. h4 Nb6 14. Qe2 Qd7 
15. Bh3 Qd8 16. Bg2 Qd7 17. g5 f5 18. gxf6ep Nxf6 19. h5 Qf7 20. Nb5 Rd8 
21. Bf3 a6 22. hxg6 Qxg6 23. Nc7 Rb8 24. Ne6 Bxe6 25. dxe6 Re8 26. O-O-O Rxe6 
27. Nf5 Bf8 28. Rdg1 Qf7 29. Nh4 Bg7 30. Nf5 Bf8 31. Rg2 Nc8 32. Qd2 Re8 
33. b3 b5 34. cxb5 axb5 35. Bh6 Rd8 36. Rhg1 c4 37. Rg7 Qe6 38. Qg5 Ne7 
39. Nxe7 Bxe7 40. Rxh7+ 
1-0

[Event "34th Chess Olympiad (men)"]
[Site "Istanbul"]
[Date "2000.11.02"]
[Round "6.54.3"]
[White "Yusof, Abdul"]
[Black "Al Kadhi, Hameed"]
[WhiteElo "2000"]
[BlackElo "2335"]
[WhiteCountry "BRU"]
[BlackCountry "YEM"]
[Result "0-1"]

1. d4 Nf6 2. c4 Nc6 3. Nc3 e5 4. d5 Ne7 5. e4 Ng6 6. Bg5 h6 7. Be3 Bb4 
8. f3 Bxc3+ 9. bxc3 d6 10. Ne2 b6 11. Ng3 Nf4 12. Qd2 N6h5 13. Nxh5 Nxh5 
14. Bf2 Qf6 15. Bd3 Nf4 16. Bg3 g5 17. Bc2 Bd7 18. h4 O-O-O 19. O-O-O Rdg8 
20. h5 g4 21. Bxf4 exf4 22. Qd4 Qe5 23. Rdf1 gxf3 24. gxf3 Rg2 25. Kb1 Rhg8 
26. Qd3 Kd8 27. Bd1 R8g5 28. Be2 f6 29. Rc1 Ke7 30. c5 bxc5 31. Qa6 Rg8 
32. Bc4 Rb8+ 33. Bb3 Rb6 34. Qxa7 Kd8 35. Rc2 Qg5 36. c4 Rxc2 37. Qa8+ Bc8 
38. Re1 Rxc4 39. e5 fxe5 40. Qa5 Rcb4 
0-1

[Event "34th Chess Olympiad (men)"]
[Site "Istanbul"]
[Date "2000.11.02"]
[Round "6.54.4"]
[White "Al-Zendani, Zendan"]
[Black "Dollah, Zaidi"]
[WhiteElo "2224"]
[BlackElo "2000"]
[WhiteCountry "YEM"]
[BlackCountry "BRU"]
[Result "1-0"]

1. e4 e5 2. Nf3 Nc6 3. Bb5 a6 4. Ba4 g6 5. d4 b5 6. Bb3 exd4 7. O-O Bg7 
8. c3 dxc3 9. Nxc3 Nge7 10. Nd5 O-O 11. Bg5 Bxb2 12. Rc1 Ba3 13. Rxc6 dxc6 
14. Nf6+ Kh8 15. Qa1 Ng8 16. Nxg8+ Kxg8 17. Bh6 
1-0

[Event "34th Chess Olympiad (men)"]
[Site "Istanbul"]
[Date "2000.11.02"]
[Round "6.55.1"]
[White "Faulks, Nick"]
[Black "Farrand, Tom"]
[WhiteElo "2025"]
[BlackElo "2270"]
[WhiteCountry "BER"]
[BlackCountry "JCI"]
[Result "1/2-1/2"]

1. e4 c5 2. Nc3 e6 3. Nf3 Nc6 4. d4 cxd4 5. Nxd4 Nf6 6. Ndb5 d6 7. Bf4 e5 
8. Nd5 Nxd5 9. exd5 exf4 10. dxc6 bxc6 11. Qf3 Bd7 12. Qe4+ Be7 13. Nxd6+ Kf8 
14. O-O-O Qc7 15. Bc4 Bxd6 16. Qd4 Rd8 17. Qxd6+ Qxd6 18. Rxd6 Ke7 19. Rd4 Be6 
20. Rxf4 Rd6 21. Rd1 Bxc4 22. Rxc4 Re6 23. Rcd4 Re8 24. Rd7+ Kf8 25. Rxa7 Re2 
26. a4 Rxf2 27. Rc7 Ra8 28. b3 Rxg2 29. Rd2 Rg6 30. Kb2 f5 31. Kc3 Rf6 
32. Kc4 f4 33. Kc5 f3 34. Rf2 Re8 35. Rxc6 Rf5+ 36. Kb6 Re2 37. Rf1 f2 
38. Rd6 Re1 39. Rd1 Rxd1 40. Rxd1 f1Q 41. Rxf1 Rxf1 42. a5 Rf2 43. a6 Rxc2 
44. a7 Ra2 45. Kb7 Ke7 46. a8Q Rxa8 47. Kxa8 Kd6 48. Kb7 Kc5 49. Kc7 Kb4 
1/2-1/2